Word Ladder: Caped Crusaders Quiz Stats

Quiz Updated Sep 17, 2013

Challenge
Share
Tweet
Embed
Score 0/45 Timer 04:00
1 Play Today
HINT 3-LETTER WORD % Correct
Bind with ropeTIE
96.5%
♞ VIET ___♞ NAM ♞
95.8%
Turn down the lightDIM
93%
♞ GAME CUBE? ♞♞ DIE ♞
89.7%
Hoover, e. g.DAM
89.6%
♞ LOST ___ FOUND ♞♞ AND ♞
89.2%
Sun., ___, Tue.MON
88.8%
Ignited, like a candleLIT
87.3%
___ JOVIBON
87%
Shaved, Vanilla, or dry ___ICE
86.8%
Table, circular, or jig ___SAW
84.6%
Olive or whale productOIL
84.4%
Siesta, north of the borderNAP
83.9%
Charged particleION
83.7%
Rapping Dr. ___DRE
82.9%
AngerIRE
82.8%
Mr. Burgundy, Howard, WeasleyRON
82%
AssistanceAID
82%
ChompedBIT
81.9%
Motel or B&BINN
80.8%
___ AbnerLIL
80.3%
Unrefined metalORE
80.1%
♞ LOUISVILLE SLUGGER ♞♞ BAT ♞
78.9%
HINT 3-LETTER WORD % Correct
Landers or CoulterANN
78.8%
♞ STEAL ♞♞ ROB ♞
78.6%
Chest boneRIB
78.2%
♞ ENCINO or MARATHON ___♞ MAN ♞
77.8%
Ply a needleSEW
77.7%
Woodsy or Hedwig, e. g.OWL
77.5%
Golfer's goalPAR
76.4%
Do away withRID
76.3%
♞ DEFINITE ARTICLE ♞♞ THE ♞
76.1%
♞ CARRY A BALANCE ♞♞ OWE: ♞
74%
♞ ___ DROP INN ♞♞ DEW ♞
72%
Twisted sibling ___ SniderDEE
70.2%
Adult acornOAK
69.3%
ProscribeBAN
69%
♞ STORAGE CUBICAL ♞♞ BIN ♞
68.1%
Some baby foodsPAP
67.9%
Posed for RenoirSAT
62.2%
Shell propeller?OAR
61.2%
Spiderman nemesis, Doc ___OCK
60.3%
♞ AQUARIUM AILMENT ♞♞ ICK ♞
59.8%
Dobbin's treatOAT
46%
Table scrapORT
45.1%

Today's Daily Dose

Missing Word
For Dummies Books

Word Ladder
Ariana Grande

Quick Pick
1970s Authors

On This Day
June 21st II

You're not logged in!

Compare scores with friends on all Sporcle quizzes.
Join for Free
OR
Log In

You Might Also Like...

Show Comments

Extras

Top Quizzes Today


Score Distribution

Your Account Isn't Verified!

In order to create a playlist on Sporcle, you need to verify the email address you used during registration. Go to your Sporcle Settings to finish the process.

Report this User

Report this user for behavior that violates our Community Guidelines.

Details: